The Oxford dictionary of English grammar / (رقم التسجيلة. 39943)

تفاصيل مارك
000 -الفاتح
حقل البيانات ثابتة الطول 01607cam a22004095i 4500
001 - رقم الضبط
رقم الضبط 18275254
003 - محدد رقم الضبط
رقم الضبط OSt
005 - وقت وتاريخ اخر تعامل مع التسجيلة
رقم الضبط 20161205101401.0
008 - عناصر البيانات ثابتة الطول - معلومات عامة
حقل البيانات ثابتة الطول 140821t20142014enk bd 000 0 eng d
010 ## - رقم ضبط مكتبة الكونجرس
رقم ضبط مكتبة الكونجرس 2013497227
015 ## - رقم الببليوجرافية الوطنية
رقم الببليوجرافية الوطنية GBB398939
المصدر bnb
016 7# - رقم ضبط الوكاله الوطنية للضبط الببليوجرافي
رقم ضبط التسجيلة 016529711
المصدر Uk
020 ## - الرقم الدولى المعيارى للكتب
الرقم الدولى المعيارى للكتاب 9780199658237 (paperback)
020 ## - الرقم الدولى المعيارى للكتب
الرقم الدولى المعيارى للكتاب 0199658234 (paperback)
035 ## - رقم ضبط النظام
رقم ضبط النظام (OCoLC)ocn862091421
040 ## - مصدر الفهرسة
وكالة الفهرسة الأصلية UKMGB
لغة الفهرسة eng
وكالة النسخ UKMGB
قواعد الوصف rda
وكالة التعديل YDXCP
-- CNAUC
-- NGU
-- VP@
-- GWL
-- OCLCF
-- DLC
042 ## - رمز التحقق
رمز التحقق lccopycat
082 04 - رقم تصنيف ديوى العشرى
رقم التصنيف 423.1
رقم الطبعة 23
رقم المادة CSO
100 1# - المدخل الرئيسى - إسم شخصى
الإسم الشخصى Chalker, Sylvia,
الدور author.
9 (RLIN) 57110
245 14 - بيان العنوان
العنوان The Oxford dictionary of English grammar /
بيان المسئوليه,etc Bas Aarts, Sylvia Chalker, Edmund Weiner.
246 30 - العنوان الموازى
عنوان صحيح/عنوان مختصر Dictionary of English grammar
250 ## - بيان الطبعة
بيان الطبعة Second edition.
300 ## - الوصف المادى
التعداد viii, 453 pages ;
أبعاد الوعاء 20 cm.
490 1# - بيان السلسلة
عنوان السلسلة Oxford paperback reference
500 ## - تبصرة عامة
تبصرة عامة Previous edition: by Sylvia Chalker, Edmund Weiner. Published in 1994.
504 ## - تبصرة ببليوجرافية
تبصرة ببليوجرافية,الخ Includes bibliographical references (pages 448-453).
650 #0 - المدخل الاضافى بالموضوع-مصطلح موضوعى
مصطلح موضوعي أو اسم جغرافي كعنصر مدخل English language
التقسيم الفرعي العام Grammar
التقسيم الفرعي الشكلي Dictionaries.
9 (RLIN) 57111
650 #7 - المدخل الاضافى بالموضوع-مصطلح موضوعى
مصطلح موضوعي أو اسم جغرافي كعنصر مدخل English language
التقسيم الفرعي العام Grammar.
مصدر الرأس أو المصطلح fast
9 (RLIN) 57112
655 #7 - مصطلح تكشيفى-نوع/شكل
بيانات النوع/ الشكل أو المصطلح الأساسي Dictionaries.
مصدر المصطلح fast
9 (RLIN) 57113
700 1# - المدخل الاضافى - اسم شخصى
الإسم الشخصى Aarts, Bas,
التواريخ المصاحبة للاسم 1961-
الدور author.
9 (RLIN) 45033
700 1# - المدخل الاضافى - اسم شخصى
الإسم الشخصى Weiner, E. S. C.,
الدور author.
9 (RLIN) 57114
775 08 - مدخل طبعة اخرى
نص العرض Revision of:
رأس المدخل الرئيسي Chalker, Sylvia.
العنوان Oxford dictionary of English grammar.
الناشر و مكان و تاريخ النشر Oxford ; New York : Clarendon Press, 1994
الرقم الدولى المعيارى للكتاب 0198613148
رقم ضبط التسجيلة (DLC) 94019818
-- (OCoLC)30671325
830 #0 - المدخل الاضافى بالسلسلة -عنوان موحد
عنوان موحد Oxford paperback reference.
9 (RLIN) 57115
906 ## - عنصر بيانات محلى F, LDF (RLIN)
a 0
b ibc
c copycat
d 2
e ncip
f 20
g y-gencatlg
942 ## - عناصر المدخل الإضافي( كوها)
مصدر التصنيف او مخطط الترفيف Dewey Decimal Classification
Koha [default] item type كتاب
المقتنيات
حالة الفقد نموذج السعر الفعال حالة تلف ليس للاعارة رقم الطلب تاريخ الاكتساب الموقع الحالي الباركود الفرع الرئيسي Date last seen نوع المادة فى نظام كوها مصدر التصنيف او خطة الترفيف Total Checkouts
  2016-12-15     423.1 CSO 2016-12-15 المكتبة المركزية بالمجمعة (CL) 00654948 المكتبة المركزية بالمجمعة (CL) 2016-12-15 كتاب Dewey Decimal Classification  
  2016-12-15     423.1 CSO 2016-12-15 المكتبة المركزية بالمجمعة (CL) 00654949 المكتبة المركزية بالمجمعة (CL) 2016-12-15 كتاب Dewey Decimal Classification  
  2016-12-17     423.1 CSO 2016-12-17 مكتبة كلية التمريض - طلاب (CNM) 00655643 مكتبة كلية التمريض - طلاب (CNM) 2016-12-17 كتاب Dewey Decimal Classification  
  2016-12-17     423.1 CSO 2016-12-17 مكتبة كلية التمريض - طلاب (CNM) 00655644 مكتبة كلية التمريض - طلاب (CNM) 2016-12-17 كتاب Dewey Decimal Classification  
  2016-12-15     423.1 CSO 2016-12-15 مكتبة كلية العلوم و الدراسات الإنسانية برماح - طلاب (SRM) 00654950 مكتبة كلية العلوم و الدراسات الإنسانية برماح - طلاب (SRM) 2016-12-15 كتاب Dewey Decimal Classification